[Event "St Petersburg Botvinnik 100 op"]
[Site "St Petersburg"]
[Date "2011.08.20"]
[Round "9"]
[White "Gopkin, Nikolaj"]
[Black "Filippov, Anton1111"]
[Result "1/2-1/2"]
[WhiteElo "2221"]
[BlackElo "1944"]
[PlyCount "80"]
[EventDate "2011.08.12"]
[EventType "swiss"]
[EventRounds "9"]
[EventCountry "RUS"]
[SourceTitle "CBM 143 Extra"]
[Source "ChessBase"]
[SourceDate "2011.08.29"]
[SourceVersion "1"]
[SourceVersionDate "2011.08.29"]
[SourceQuality "1"]

1. d4 d5 2. e3 Nf6 3. Bd3 c5 4. c3 Nc6 5. f4 Bg4 6. Nf3 e6 7. Nbd2 Be7 8. 0-0 0-0 9. h3 Bf5 10. Qc2 Bxd3 11. Qxd3 Qc7 12. Ne5 Nxe5 13. fxe5 Nd7 14. e4 cxd4 15. cxd4 dxe4 16. Qxe4 Rad8 17. Nf3 Nb6 18. Bg5 Nd5 19. Rf2 Rc8 20. Raf1 Qd8 21. Bc1 Rc7 22. Qg4 Kh8 23. Qh5 f5 24. exf6 Nxf6 25. Qe5 Rc6 26. Re2 Nd5 27. Rfe1 Bd6 28. Qh5 Bg3 29. Ng5 Nf6 30. Nf7+ Rxf7 31. Qxf7 Bxe1 32. Rxe1 Qxd4+ 33. Kh1 Qb4 34. Rd1 Rc8 35. Bg5 Rf8 36. Qxe6 a5 37. Bxf6 Rxf6 38. Rd8+ Rf8 39. Qe8 Kg8 40. Qe6+ Kh8 1/2-1/2

[Event "St Petersburg Botvinnik 100 op"]
[Site "St Petersburg"]
[Date "2011.08.15"]
[Round "4"]
[White "Kuzmin, Egor"]
[Black "Gopkin, Nikolaj"]
[Result "1-0"]
[WhiteElo "2033"]
[BlackElo "2221"]
[PlyCount "89"]
[EventDate "2011.08.12"]
[EventType "swiss"]
[EventRounds "9"]
[EventCountry "RUS"]
[SourceTitle "CBM 143 Extra"]
[Source "ChessBase"]
[SourceDate "2011.08.29"]
[SourceVersion "1"]
[SourceVersionDate "2011.08.29"]
[SourceQuality "1"]

1. d4 Nf6 2. c4 e6 3. Nf3 b6 4. a3 Bb7 5. Nc3 Be7 6. d5 0-0 7. e4 a5 8. Bd3 Na6 9. 0-0 Nc5 10. Bc2 d6 11. Rb1 e5 12. b4 axb4 13. axb4 Ncd7 14. Ne1 c6 15. Be3 Ra3 16. Rb3 Qa8 17. Qb1 Rc8 18. Rxa3 Qxa3 19. Na4 Nxe4 20. dxc6 Bxc6 21. b5 Bb7 22. Bc1 Nc3 23. Bxh7+ Kf8 24. Bxa3 Nxb1 25. Bxb1 Rxc4 26. Bc2 d5 27. Bxe7+ Kxe7 28. Bd1 e4 29. g3 d4 30. f3 f5 31. g4 g6 32. h4 Rb4 33. h5 gxh5 34. gxf5 Rxb5 35. fxe4 Rb4 36. Nd3 Rb5 37. Re1 Kf6 38. Nab2 h4 39. Nc4 Nc5 40. e5+ Kg5 41. Nxc5 Rxc5 42. Nd6 Bc6 43. f6 Bd5 44. f7 Bxf7 45. Nxf7+ 1-0

[Event "Northwest FR-ch"]
[Site "St Petersburg"]
[Date "2008.03.27"]
[Round "8"]
[White "Anjuhin, Alex"]
[Black "Gopkin, Nikolaj"]
[Result "1-0"]
[WhiteElo "2346"]
[BlackElo "2216"]
[PlyCount "53"]
[EventDate "2008.03.21"]
[EventType "swiss"]
[EventRounds "9"]
[EventCountry "RUS"]
[SourceTitle "EXT 2022"]
[Source "ChessBase"]
[SourceDate "2021.10.06"]
[SourceVersion "1"]
[SourceVersionDate "2021.10.06"]
[SourceQuality "1"]

1. e4 e6 2. d4 d5 3. Nc3 c5 4. dxc5 d4 5. Nb5 Nc6 6. c3 Bxc5 7. cxd4 Nxd4 8. Nxd4 Qxd4 9. Qxd4 Bxd4 10. Nf3 Bf6 11. Bb5+ Bd7 12. Bxd7+ Kxd7 13. Ke2 g6 14. Rd1+ Ke8 15. Nd4 a6 16. Be3 Ne7 17. Rac1 Rc8 18. Nb3 Bxb2 19. Rxc8+ Nxc8 20. Na5 b6 21. Nc6 Bf6 22. Bc1 e5 23. f4 Rg8 24. fxe5 Be7 25. Ba3 f5 26. e6 Kf8 27. Rd8+ 1-0

[Event "Northwest FR-ch"]
[Site "St Petersburg"]
[Date "2008.03.24"]
[Round "4"]
[White "Ulyanin, Sergei"]
[Black "Gopkin, Nikolaj"]
[Result "1/2-1/2"]
[WhiteElo "2288"]
[BlackElo "2216"]
[PlyCount "80"]
[EventDate "2008.03.21"]
[EventType "swiss"]
[EventRounds "9"]
[EventCountry "RUS"]
[SourceTitle "EXT 2022"]
[Source "ChessBase"]
[SourceDate "2021.10.06"]
[SourceVersion "1"]
[SourceVersionDate "2021.10.06"]
[SourceQuality "1"]

1. e4 e6 2. d4 d5 3. e5 c5 4. c3 Nc6 5. Be3 Qb6 6. Qd2 Bd7 7. Nf3 Qa5 8. Be2 cxd4 9. cxd4 Qxd2+ 10. Nbxd2 Nge7 11. 0-0 Nf5 12. a3 f6 13. exf6 gxf6 14. Bd3 Nxe3 15. fxe3 Bh6 16. Rae1 0-0 17. Nb3 Rad8 18. e4 Rfe8 19. Nc5 Bc8 20. Kh1 dxe4 21. Nxe4 Bg7 22. Bb5 f5 23. Ng3 Bd7 24. Bc4 Nxd4 25. Nxd4 Bxd4 26. Nxf5 Bxb2 27. Re3 Rf8 28. Rb3 Kh8 29. Rxb2 exf5 30. Rxb7 Bc6 31. Re7 Be4 32. Be2 a5 33. h3 Rg8 34. Bf3 Bxf3 35. Rxf3 Rd1+ 36. Kh2 Rd2 37. Rg3 Rxg3 38. Kxg3 Rd3+ 39. Kf4 Rxa3 40. Kxf5 Rg3 1/2-1/2